| 000 | 01456cab a2200217 4500 | ||
|---|---|---|---|
| 001 | ##L134251 | ||
| 008 | 060720n2006 000 0 eng u | ||
| 035 | _a(Sirsi) u134251 | ||
| 041 | 0 | _aeng | |
| 245 | 0 | 0 | _aWessanen Foods Ltd v Jofson Ltd |
| 260 | _c2006 | ||
| 520 | _a[2006] EWHC 1325 (TCC), 8 June 2006. Reminds property owners of the importance of insurance protecting their property from the actions of their employees. Considers liability for fire damage to W's warehouse property when a battery-powered forklift truck hired from J began sparking. W sued J, claiming that the forklift was not fit for purpose because the battery cables were too long, and that J had breached the hire contract by failing to attend to the fault quickly enough. "Held": claim dismissed. The forklift truck was not defective. The battery cables had been damaged by W's employee in failing to stow them away correctly, and W's electrician had then failed to disconnect the cables to prevent further sparking. | ||
| 590 | _aIKA010806 | ||
| 650 | 2 | 4 | _aWESSANEN FOODS LTD V JOFSON LTD |
| 650 | 2 | 4 | _aSUPPLY OF GOODS AND SERVICES ACT 1982 |
| 650 | 2 | 4 | _aUNFAIR CONTRACT TERMS ACT 1977 |
| 651 | 4 |
_aEngland and Wales _y1543- |
|
| 690 | _aPROPERTY-PROPERTY APPRAISAL AND VALUATION-INSURANCE VALUATION-PROPERTY INSURANCE ASSESSMENT | ||
| 856 | 4 | 0 |
_uhttps://www.bailii.org/ew/cases/EWHC/TCC/2006/1325.html _zView the item free of charge at www.bailii.org... |
| 942 | _n0 | ||
| 999 |
_c77426 _d77426 |
||